000 00473cam a2200193ua 4500
001 3741
005 20260515113725.0
008 120204n ii |||gr||||Z||||||asm
040 _cMAIN
082 _a891.4514
100 _aBorkataky, Biren,
245 1 1 _aSahityar patabhumi
_cby Biren Borkataky
250 _a1st.
260 _aKolkata:
_bAssam Book Depot,964.
300 _a208p:
_c23cm.
653 _aAssamese literature
653 _aSahityar patabhumi
942 _cBK
999 _c3565
_d3565